| 000 | 00000nam 2200000zi 4500 |
| 001 | 9.936281 |
| 003 | CaOODSP |
| 005 | 20240403133718 |
| 006 | m o d f |
| 007 | cr |n |||||||| |
| 008 | 240403t19891989onc ow f001 0|fre d |
| 022 | |z0662567277 |
| 040 | |aCaOODSP|bfre|erda|cCaOODSP |
| 041 | |afre|aeng |
| 043 | |an-cn--- |
| 086 | 1 |aYX76-H6/1989-PDF|zYX76-H6/1989 |
| 240 | 10|aLoi canadienne sur les droits de la personne |
| 245 | 00|aOffice consolidation : |bCanadian Human Rights Act = codification administrative : Loi canadienne sur les droits de la personne. |
| 246 | 11|aCodification administrative : |bLoi canadienne sur les droits de la personne |
| 264 | 1|a[Ottawa] : |bApprovisionnement et Services Canada, |cjanvier 1989. |
| 264 | 4|c©1989 |
| 300 | |a1 ressource en ligne (vi, vi, 37 pages) |
| 336 | |atexte|btxt|2rdacontent/fre |
| 337 | |ainformatique|bc|2rdamedia/fre |
| 338 | |aressource en ligne|bcr|2rdacarrier/fre |
| 500 | |aÉdition numérisée de l'imprimé [par Ministère de la justice Canada]. |
| 500 | |aComprend un index. |
| 500 | |a«L.R. (1985), ch. H-6, modifiée par L.R. (1985), ch. 31 (1er suppl.), L.R. (1985), ch. 32 (2e suppl.)» |
| 505 | 0 |a«Chapitre H-6, Loi visant à compléter la législation canadienne en matière de discrimination.» |
| 546 | |aTexte en anglais et en français. |
| 650 | 6|aDroits de l'homme|zCanada. |
| 650 | 6|aDiscrimination|xDroit|zCanada|vLégislation. |
| 710 | 1 |aCanada. |bApprovisionnements et services Canada, |eorganisme de publication. |
| 776 | 0#|tLoi canadienne sur les droits de la personne : |w(CaOODSP)9.652964 |
| 791 | |tOffice consolidation : |eeng|w(CaOODSP)9.936282 |
| 856 | 40|qPDF|s729 Ko|uhttps://publications.gc.ca/collections/collection_2024/jus/YX76-H6-1989.pdf |